| 000 | 00489nam a22001577a 4500 | ||
|---|---|---|---|
| 003 | OSt | ||
| 005 | 20260121110041.0 | ||
| 008 | 260121b |||||||| |||| 00| 0 eng d | ||
| 040 | _cMRSPTU | ||
| 041 | _aEnglish | ||
| 100 | _aAkashdeep Kaur, Supervisor: Dr. Paramjeet Singh | ||
| 245 | _aGurumukhi Handwritten Word Segmentation Containing Isolated Touching and Broken Characters | ||
| 260 |
_bDepartment of CSE, MRSPTU, Bathinda _c2014 |
||
| 650 | _aComputer Science | ||
| 942 |
_2ddc _cTH _n0 |
||
| 999 |
_c10708 _d10708 |
||